Strategic environmental assessment for policies an instrument for good governance (Registro nro. 92544)
[ vista simple ]
| 000 -ENCABEZADO | |
|---|---|
| Número de control [NR] | 01867nam a22002657a 4500 |
| 005 - FECHA Y HORA DE LA ÚLTIMA TRANSACCIÓN | |
| control field | 20240222145636.0 |
| 008 - DE LONGITUD FIJA DE DATOS DE ELEMENTOS - INFORMACIÓN GENERAL | |
| Elementos de longitud fija [NR] | 130821s2008 xxua gr eng |
| 020 ## - NUMERO INTERNACIONAL NORMALIZADO PARA LIBROS [R] | |
| Número Internacional Normalizado del libro [NR] | 9780821367629 |
| 040 ## - FUENTE DE CATALOGACION [NR] | |
| Agencia de catalogación original [NR] | Co-BoUCM |
| Idioma de catalogación [NR] | spa |
| Quien Cataloga | David Moreno (modificó) |
| Quien Clasifica | David Moreno (modificó) |
| 041 00 - CODIGO DE IDIOMA [R] | |
| Código de idioma para texto/pista de sonido o título separado [R] | Inglés |
| 245 10 - MENCION DE TITULO [NR] | |
| Título [NR] | Strategic environmental assessment for policies an instrument for good governance |
| Mención de responsabilidad, etc. [NR] | Kulsum Ahmed and Ernesto Sánchez-Triana, editores. |
| 260 ## - PUBLICACION, DISTRIBUCION, ETC. (PIE DE IMPRENTA) [R] | |
| Lugar de publicación, distribución, etc. [R] | Washington D.C. Estados Unidos |
| Nombre del editor, distribuidor, etc. [R] | World Bank |
| Fecha de publicación, distribución, etc. [R] | 2008 |
| 300 ## - DESCRIPCION FISICA [R] | |
| Extensión [R] | xiv, 219 Páginas |
| Otros detalles físicos [NR] | ilustraciones |
| 490 1# - MENCION DE SERIE [R] | |
| Mención de serie [R] | Environment and Development |
| 505 0# - NOTA DE CONTENIDO CON FORMATO PREESTABLECIDO [R] | |
| Nota de contenido con formato preestablecido [NR] | SEA and policy formulation / Kulsum Ahmed and Ernesto Sánchez-Triana. -- Policy-level strategic environmental assessments: process integration and incentives of policy proponents / Leonard Ortolano. -- The continuous process of policy formation / Martha S. Feldman and Anne M. Khademian. -- Toward environmental priority setting in development / Richard D. Morgenstern. -- Giving the most vulnerable a voice / Caroline Kende-Robb and Warren A. Van Wicklin III. -- Building and reinforcing social accountability for improved environmental governance / Harry Blair. -- Learning in environmental policy making and implementation / Alnoor Ebrahim. -- Using strategic environmental assessments to design and implement public policy / Kulsum Ahmed and Ernesto Sánchez-Triana. |
| 650 04 - ASIENTO SECUNDARIO DE MATERIA - TERMINO TEMATICO [R] | |
| Término temático o nombre geográfico como elemento de entrada [NR] | Impacto ambiental |
| Subdivisión general [R] | Análisis |
| 9 (RLIN) | 103553 |
| 650 04 - ASIENTO SECUNDARIO DE MATERIA - TERMINO TEMATICO [R] | |
| Término temático o nombre geográfico como elemento de entrada [NR] | Planificación estratégica |
| Subdivisión general [R] | Aspectos ambientales |
| 9 (RLIN) | 21662 |
| 650 04 - ASIENTO SECUNDARIO DE MATERIA - TERMINO TEMATICO [R] | |
| Término temático o nombre geográfico como elemento de entrada [NR] | Política ambiental |
| 9 (RLIN) | 21917 |
| Subdivisión general [R] | Desarrollo sostenible |
| 700 1# - ASIENTO SECUNDARIO - NOMBRE PERSONAL [R] | |
| Nombre personal [NR] | Ahmed, Kulsum |
| Fechas asociadas con el nombre [NR] | 1964- |
| 9 (RLIN) | 137191 |
| 700 1# - ASIENTO SECUNDARIO - NOMBRE PERSONAL [R] | |
| Nombre personal [NR] | Sánchez Triana, Ernesto |
| Fechas asociadas con el nombre [NR] | 1952- |
| 9 (RLIN) | 137190 |
| 710 2# - ASIENTO SECUNDARIO - NOMBRE CORPORATIVO [R] | |
| Nombre corporativo o de jurisdicción como elemento de entrada [NR] | Banco Mundial |
| 9 (RLIN) | 3923 |
| 830 #0 - ASIENTO SECUNDARIO DE SERIE--TITULO UNIFORME [R] | |
| Título uniforme [NR] | Environment and development (Washington, D.C.) |
| 9 (RLIN) | 180069 |
| 942 ## - ELEMENTOS DE ENTRADA AGREGADOS (KOHA) | |
| Tipo de ítem principal el descrito en 300a | Libro |
| Tema principal | Economía |
| Edición | 1 |
| Parte restante de la signatura top. | S898 |
| Sistema de clasificación | DEWEY |
| Clasificación | 333.72 |
| Título oculto en OPAC | No |
| Fecha de último préstamo | Total préstamos | Total Renewals | Signatura topográfica | Código de barras | Última vez visto | Ejemplar | Price effective from | Tipo de ítem | Perdido | Sistema de clasificación | Dañado | No prestable | Tipo de ítem específico | Suprimido | Ubicación habitual | Ubicación actual | Localización | Fecha de creación | Forma de adquisición | Costo |
|---|---|---|---|---|---|---|---|---|---|---|---|---|---|---|---|---|---|---|---|---|
| 06/04/2022 | 2 | 2 | 333.72 S898 | 100093938 | 03/12/2025 | Ej.1 | 03/02/2013 | Libro | DEWEY | Libro | Claustro | Claustro | 4to piso | 28/02/2013 | Compra | 47500.00 | ||||
| 15/09/2009 | 333.72 S898 | 100100297 | 03/12/2025 | Ej.2 | 03/02/2013 | Libro | DEWEY | Libro | Claustro | Claustro | 4to piso | 30/09/2009 | Donación | 26000.00 |